Estado de debate sobre los derechos de los pueblos indígenas : construyendo sociedades interculturales en América Latina y El Caribe.
| Autor Corporativo: | |
|---|---|
| Formato: | Libro |
| Lenguaje: | inglés |
| Publicado: |
La Paz
Fondo Indigena
2011
|
MARC
| LEADER | 00000cam a2200000 a 4500 | ||
|---|---|---|---|
| 001 | 000011 | ||
| 003 | UAHC_CL | ||
| 005 | 20170803115611.0 | ||
| 008 | 120531b xx j 000 1 eng | ||
| 040 | |a UAHC_CL |c UAHC_CL |d UAHC_CL | ||
| 110 | 0 | |a Fondo Indígena (Bolivia) | |
| 245 | 1 | 0 | |a Estado de debate sobre los derechos de los pueblos indígenas : |b construyendo sociedades interculturales en América Latina y El Caribe. |
| 260 | |b Fondo Indigena |a La Paz |c 2011 | ||
| 300 | |a 451 p. | ||
| 942 | |c BK | ||
| 999 | |c 11 |d 11 | ||